Central Library OPAC University of Rajshahi

Dyeing and chemical technology of textile fibres / (Record no. 54234)

MARC details
000 -LEADER
fixed length control field 00765nam a2200253 a 4500
001 - CONTROL NUMBER
control field 54234
003 - CONTROL NUMBER IDENTIFIER
rucl marc code BD-RjUL
005 - DATE AND TIME OF LATEST TRANSACTION
control field 20211209080106.0
008 - FIXED-LENGTH DATA ELEMENTS--GENERAL INFORMATION
fixed length control field 840719r1990 nyua 001 0 eng
020 ## - INTERNATIONAL STANDARD BOOK NUMBER
International Standard Book Number 0852642679
035 ## - SYSTEM CONTROL NUMBER
System control number (BD-RjUL)54356
040 ## - CATALOGING SOURCE
Original cataloging agency DLC
Transcribing agency DLC
Modifying agency BD-RjUL
Language of cataloging eng
041 ## - LANGUAGE CODE
Language code of text/sound track or separate title eng
082 00 - DEWEY DECIMAL CLASSIFICATION NUMBER
Edition number 23
Classification number 667.3
Author mark and year TRD 1990
100 1# - MAIN ENTRY--PERSONAL NAME
Personal name Trotman, E. R.
Fuller form of name (Edward Russell)
9 (RLIN) 161854
245 10 - TITLE STATEMENT
Title Dyeing and chemical technology of textile fibres /
Statement of responsibility, etc. E.R. Trotman.
250 ## - EDITION STATEMENT
Edition statement 6th ed.
260 ## - PUBLICATION, DISTRIBUTION, ETC. (IMPRINT)
Place of publication, distribution, etc. London :
Name of publisher, distributor, etc. Edward Arnold,
Date of publication, distribution, etc. c1984[Reprinted1990]
300 ## - PHYSICAL DESCRIPTION
Pagination x, 587 p. :
Illustrations ill. ;
Size 23 cm.
500 ## - GENERAL NOTE
General note "A Wiley-Interscience publication."
General note Includes indexes.
650 #0 - SUBJECT ADDED ENTRY--TOPICAL TERM
Topical term or geographic name as entry element Dyes and dyeing
General subdivision Textile fibers.
9 (RLIN) 161855
942 ## - ADDED ENTRY ELEMENTS (KOHA)
Source of classification or shelving scheme Dewey Decimal Classification
Koha item type Books
Holdings
Lost status Source of classification or shelving scheme Damaged status Not for loan Collection code Permanent Location Current Location Shelving location Date acquired Source of acquisition Cost, normal purchase price Total Checkouts Full call number Date last seen Copy number Koha item type
  Dewey Decimal Classification     Non-fiction Central Library, University of Rajshahi Central Library, University of Rajshahi   30/09/1991 Abacus London. 49.50   667.3 TRD 1990 03/11/2016 C-2 Books
  Dewey Decimal Classification     Non-fiction Central Library, University of Rajshahi Central Library, University of Rajshahi Electronic Books 30/09/1997 Abacus london 49.50   667.3 TRD 1990 17/11/2016 C-3 Books